|
|
|
|
| LEADER |
00000nam a2200000Ia 4500 |
| 008 |
170816b1998 cr ||||| |||| 00| | spa d |
| 999 |
|
|
|c 834
|d 834
|
| 020 |
|
|
|a 996873912X
|
| 090 |
|
|
|a 15.02.04
|b 866
|
| 100 |
1 |
|
|a De Santi, Massimo
|9 3056
|
| 245 |
1 |
0 |
|a Inteligencia emocional y conciencia: una didáctica del cerebro /
|c Massimo De Santi y Giovanna Pagani
|
| 260 |
|
|
|a San José, Costa Rica :
|b ANDE,
|c 1998
|
| 300 |
|
|
|a 227 páginas
|
| 650 |
1 |
4 |
|a CEREBRO
|9 1026
|
| 650 |
1 |
4 |
|a INTELIGENCIA EMOCIONAL
|9 2390
|
| 650 |
1 |
4 |
|a INTELIGENCIA ARTIFICAL
|9 3057
|
| 700 |
1 |
|
|a Pagani, Giovanna
|9 3058
|
| 942 |
|
|
|i 001443
|h 15.02.04 866
|2 z
|c 01
|